000 00326nam a2200121Ia 4500
008 220216s9999 xx 000 0 und d
100 _aChakraborty Khirud B
245 0 _aSustainable and safer accelerators for the latex industry
260 _bRubber India
_c2010
300 _a17-32
700 _aCouchman Roger
942 _cJS
999 _c70073
_d70073